000 00595nam a2200217 i 4500
001 105844
003 ES-MaACL
007 t|
008 060901s1963 fr ||||1| fre d
080 _a929 Lecoeur, Auguste
100 1 _aLecoeur, Auguste.
_971101
245 1 3 _aLe partisan /
_cpar Auguste Lecoeur.
260 _a[Paris] :
_bFlammarion,
_c[1963]
300 _a313 p. ;
_c19 cm.
490 1 _aL'actuel
500 _aBiblioteca Juan Andrade.
600 1 4 _aLecoeur, Auguste.
_971101
830 0 _aL'actuel
_9232777
852 _aES-MaACL
_jAND-657
_bR.109954
999 _c105844
_d105844